| 000 | 00575nam a22001937a 4500 | ||
|---|---|---|---|
| 003 | SISC | ||
| 005 | 20170712145822.0 | ||
| 008 | 170711b xxu||||| |||| 00| 0 eng d | ||
| 020 | _a9789810868741 | ||
| 050 |
_aPZ 7.C6837 _b.C712 2010 |
||
| 100 | _aCollins, Suzanne. | ||
| 245 |
_aMockingjay / _cSuzanne Collins. |
||
| 260 |
_aSingapore : _bScholastic Singapore, _c2010. |
||
| 300 |
_a390 pages ; _c21 cm. |
||
| 650 | _aInsurgency -- Juvenile fiction. | ||
| 650 | _aSurvival -- Juvenile fiction. | ||
| 650 | _aTelevision programs -- Juvenile fiction. | ||
| 942 |
_2lcc _cBK |
||
| 999 |
_c340264 _d340264 |
||